• 首页
  • 本馆介绍
  • 公告通知
  • 最新文献
  • 馆藏检索
  • 电子资源
  • 读者导购
  • 参考咨询
  • 我的图书馆
  • 登录
  • 详细信息显示
  • 放入我的书架
  • 预约/预借图书
  • 作者相关作品
  • 分类相关作品
  • 丛书相关作品
  • 出版社相关作品

书目信息

  • 表格格式
  • 工作单格式
  • 卡片格式
题名:
钳工基本操作
    
 
作者: 杨宝福 编
分册: 二   锉削
出版信息: 呼和浩特   内蒙古人民出版社  1973
页数: 44页
开本: 19cm
丛书名:
单 册:
中图分类: TG934
科图分类:
主题词: 钳工装配工具 , 钳工--工艺--方法 , 钳工--工艺
电子资源:
ISBN:
000 00692nam0 2200253 45
001 0175002149
005 20060425155426.12
010    @dCNY0.16
100    @a19951016d1973 em y0chiy0121 ea
101 0  @achi
102    @aCN@b150000
105    @ay z 000yy
200 10 @a钳工基本操作@Aqian gong ji ben cao zuo@h二@i锉削@f杨宝福编@Fyang bao fu bian
210    @a呼和浩特@c内蒙古人民出版社@d1973
215    @a44页@d19cm
517    @a锉削@ACuo Xue
606 0  @a钳工装配工具
606 0  @a钳工@x工艺@x方法
606    @a钳工@x工艺
690    @aTG934@v4
701  0 @a杨宝福@Ayang bao fu@4编
801  0 @aCN@b广东省中山图书馆@c20060425
801  2 @aCN@bNLC@c20060418
905    @dTG934@e1
    
    钳工基本操作.二.锉削/杨宝福编.-呼和浩特:内蒙古人民出版社,1973
    44页;19cm
    
    
    ISBN :CNY0.16
    
●
相关链接 在E读中查询图书 在五车中查询图书 在当当中查询图书 在豆瓣中查询图书


正题名:钳工基本操作     索取号:TG934/1         预约/预借

序号 登录号 条形码 馆藏地/架位号 状态 备注
1 0017148   001363492   密集书库/ [索取号:TG934/1] 在馆    
2 0017149   202287676   密集书库/ [索取号:TG934/1] 在馆    
3 0017150   202249129   密集书库/ [索取号:TG934/1] 在馆    
4 0017151   001363456   第二样本阅览室/ [索取号:TG934/1] 在馆    
唐山师范学院图书馆 欢迎您!
大连网信软件有限公司© 版权所有